The Arabian nights. (Record no. 591472)

000 -LEADER
fixed length control field 02047cam a22004093a 4500
001 - CONTROL NUMBER
control field 16421878
005 - DATE AND TIME OF LATEST TRANSACTION
control field 20221223091558.0
008 - FIXED-LENGTH DATA ELEMENTS--GENERAL INFORMATION
fixed length control field 090716r20101999nyu 000 1 eng d
010 ## - LIBRARY OF CONGRESS CONTROL NUMBER
LC control number 2010479549
020 ## - INTERNATIONAL STANDARD BOOK NUMBER
International Standard Book Number 9780451531483 (pbk.)
020 ## - INTERNATIONAL STANDARD BOOK NUMBER
International Standard Book Number 0451531485 (pbk.)
035 ## - SYSTEM CONTROL NUMBER
System control number (OCoLC)ocn426804933
035 ## - SYSTEM CONTROL NUMBER
System control number (OCoLC)426804933
040 ## - CATALOGING SOURCE
Original cataloging agency BTCTA
Transcribing agency BTCTA
Modifying agency I4F
-- DLC
042 ## - AUTHENTICATION CODE
Authentication code lccopycat
050 00 - LIBRARY OF CONGRESS CALL NUMBER
Classification number CPB Box no. 3096 vol. 4
082 ## - DEWEY DECIMAL CLASSIFICATION NUMBER
Classification number 813.54,BAR
100 ## - MAIN ENTRY--PERSONAL NAME
Personal name Barth, John
9 (RLIN) 99092
245 04 - TITLE STATEMENT
Title The Arabian nights.
Number of part/section of a work vol. 2,
Name of part/section of a work More marvels and wonders of the Thousand and one nights /
Statement of responsibility, etc. adapted by Jack Zipes from Sir Richard F. Burton's unexpurgated translation with a new introduction by John Barth and an afterword by Jack Zipes.
246 30 - VARYING FORM OF TITLE
Title proper/short title More marvels and wonders of the Thousand and one nights
260 ## - PUBLICATION, DISTRIBUTION, ETC.
Place of publication, distribution, etc. New York :
Name of publisher, distributor, etc. New American Library,
Date of publication, distribution, etc. c 2010.
300 ## - PHYSICAL DESCRIPTION
Extent xx, 421 p. ;
Dimensions 18 cm.
490 0# - SERIES STATEMENT
Series statement Signet Classics
505 0# - FORMATTED CONTENTS NOTE
Formatted contents note The caliph's night adventure (Page-1), The Porter and the Three ladies of Baghdad (Page-47), The sleeper an the waker (Page-132), The craft and malice of women,or the tale of the King, His son, His concubine, and the Seven Viziers (Page-161), Abdullah the Fisherman and Abdullah the Merman (Page-250), The tale of Zayn al-Asnam (Page-273), The ten Viziers, or the story of King Azadbakht and His son (Page-297), The tale of Al-malik al Nasir and the Three chiefs of police (Page-385), Fables (Page-393).
650 #0 - SUBJECT ADDED ENTRY--TOPICAL TERM
Topical term or geographic name entry element Folklore
Geographic subdivision Arab countries.
9 (RLIN) 12211
650 #0 - SUBJECT ADDED ENTRY--TOPICAL TERM
Topical term or geographic name entry element Arabs
Form subdivision Folklore.
9 (RLIN) 99093
655 #7 - INDEX TERM--GENRE/FORM
Genre/form data or focus term Fantasy fiction.
Source of term gsafd
655 #7 - INDEX TERM--GENRE/FORM
Genre/form data or focus term Erotic fiction.
Source of term gsafd
9 (RLIN) 6616
655 #7 - INDEX TERM--GENRE/FORM
Genre/form data or focus term Mystery fiction.
Source of term gsafd
655 #7 - INDEX TERM--GENRE/FORM
Genre/form data or focus term Historical fiction.
Source of term gsafd
700 1# - ADDED ENTRY--PERSONAL NAME
Personal name Zipes, Jack,
Dates associated with a name 1937-
9 (RLIN) 99094
700 1# - ADDED ENTRY--PERSONAL NAME
Personal name Burton, Richard Francis,
Titles and other words associated with a name Sir,
Dates associated with a name 1821-1890.
9 (RLIN) 3641
700 1# - ADDED ENTRY--PERSONAL NAME
Personal name Barth, John,
Dates associated with a name 1930-
9 (RLIN) 99095
710 2# - ADDED ENTRY--CORPORATE NAME
Corporate name or jurisdiction name as entry element Copyright Paperback Collection (Library of Congress)
Institution to which field applies DLC
730 0# - ADDED ENTRY--UNIFORM TITLE
Uniform title Arabian nights.
Form subheading Selections.
Language of a work English.
9 (RLIN) 3637
942 ## - ADDED ENTRY ELEMENTS (KOHA)
Source of classification or shelving scheme
Koha item type Fiction
Call number prefix 813.54,BAR
Holdings
Withdrawn status Lost status Source of classification or shelving scheme Damaged status Not for loan Permanent Location Current Location Shelving location Date acquired Total Checkouts Full call number Barcode Date last seen Date last checked out Price effective from Koha item type Public note
          Military College of Signals (MCS) Military College of Signals (MCS) General Stacks 10/03/2022 4 813.54,BAR MCS38469 10/02/2025 09/16/2025 10/03/2022 Fiction Almirah Fresh No.44, Shelf No.4
© 2023 Central Library, National University of Sciences and Technology. All Rights Reserved.